000 005700000a22001810004500
041 0 _aSPA
082 0 4 _aG 302.17 F932p
100 1 _aFromm, Erich (1900-1980)
245 1 0 _aPsicoanálisis de la sociedad contemporánea : Hacia una sociedad sana / Erich Fromm ; Florentino M. Torner, Traductor
260 _aMexico : Fondo de Cultura Económica
300 _a308 Pag
500 _aTítulo original : The sane society
001 9344
942 _cBK
999 _c39384
_d39384
336 _atexto
_btxt
_2rdacontent
337 _2rdamedia
_asin mediación
_bn
338 _2rdacarrier
_avolumen
_bnc